| 000 | 01666nam a2200241Ia 4500 | ||
|---|---|---|---|
| 003 | Ost | ||
| 005 | 20260507075714.0 | ||
| 008 | 260507s9999||||xx |||||||||||||| ||und|| | ||
| 020 | _a9789931748298 | ||
| 040 | _cfsecg | ||
| 041 | _aara | ||
| 082 | _a336.2 | ||
| 100 |
_aبزة، صالح _eمؤلف |
||
| 245 | 0 |
_aجباية المؤسسة : _bدروس وتمارين محلولة / _c صالح بزة |
|
| 260 |
_aالجزائر: _bدار الباحث للنشر والإشهار, _c2020 |
||
| 300 |
_a174 صفحة؛ _bإيضاحات ؛ _c24 سم |
||
| 504 | _aمراجع ص.169 | ||
| 520 | _aيتضمن هاذا الكتاب مقاربة فكرية حول الجباية من خلال التطرق لمفهومها ومبادئها ، أهدافها، الضريبة في الفكر الاقتصادي، والأسس القانونية للضريبة وكذا الالتزامات الجبائية ، تحديد الربح الجبائي، الضريبة على أرباح الشركات IBS، الضريبة على الدخل الإجماليIRG ، الضريبة الجزافية الوحيدةIFU، الرسم على القيمة المضافة TVA، الرسم على النشاط المهنيTAP وتحديد أساس فرضية الضريبة ، التخفيضات والإعفاءات، ضرائب ورسوم أخرى مثل الرسم العقاري TF، حقوق التسجيلDE ، حقوق الطابع DT ، الضريبة على الأملاكIP ، وضرائب غير مباشرة. | ||
| 653 | _aالضرائب | ||
| 653 | _aجباية المؤسسة | ||
| 700 |
_aبن خزناجي، أمينة _eمؤلف ثانوي |
||
| 942 | _cكتاب | ||
| 999 |
_c45910 _d45910 |
||